000 00688nam a22002057a 4500
005 20250625155627.0
008 250625b |||||||| |||| 00| 0 eng d
037 _cTB
040 _aCRL
_cCRL
041 _2pun
_apun
084 _az 153R4
_qCRL
100 _aਮੀਤ ਅਨਮੋਲ
_9814596
245 _aਕੈਸਾ ਮਰਨ ਹੋਏ
260 _aਲੁਧਿਆਣਾ, ਭਾਰਤ:
_bਅੰਬਰ ਪਰਕਾਸ਼ਨ,
_c2024.
300 _a229ਪ.
365 _b320.00
_cINR
650 _2Generalia
942 _2CC
_cTB
_hz 153R4
_n0
999 _c1432948
_d1432948